| 000 | 00756nam a22002292 4500 | ||
|---|---|---|---|
| 001 | 17927 | ||
| 003 | BD-RjUL | ||
| 005 | 20211209000219.0 | ||
| 008 | 140219r19481940enk 001 0 eng d | ||
| 035 |
_aOCLC ocm09177369 from D961022M _a(BD-RjUL)17985 |
||
| 040 |
_aNew York. Public library _cSOI _dSOI _dEQO _dBD-RjUL _beng |
||
| 041 | _aeng | ||
| 082 |
_a821.08 _bGOL 1948 |
||
| 245 | 1 | 4 |
_aThe golden treasury of Scottish poetry / _cselected and edited by Hugh MacDiarmid [pseud.] |
| 260 |
_aLondon : _bMacmillan & co. ltd., _c1940 [reprinted 1948] |
||
| 300 |
_axli, 415 p. : _c18 cm. |
||
| 650 | 0 |
_aPoetry _vCollections. _955181 |
|
| 650 | 0 |
_aEnglish poetry _xScottish authors. _955302 |
|
| 942 |
_2ddc _cBK |
||
| 999 |
_c17927 _d17927 |
||